000 00207 a2200097 4500
001 40903
100 _aM H Tabata
245 _aThe Quran in Islam
260 _aKarachi
_bZahra Pub
_c
090 _c25156
_d25156
942 _aNUST-CAE
_cM
_c16843
999 _c275976
_d275976